Les bases sociologiques du droit et de l'Etat / (Record no. 166829)

MARC details
000 -LEADER
campo de control de longitud fija 00945nam a22002295i 4500
001 - NÚMERO DE CONTROL
campo de control 166829
003 - IDENTIFICADOR DE NÚMERO DE CONTROL
campo de control ES-MaACL
005 - FECHA Y HORA DE LA ÚLTIMA TRANSACCIÓN
campo de control 20250830095401.0
008 - DATOS DE LONGITUD FIJA--INFORMACIÓN GENERAL
campo de control de longitud fija 981002s1898 fr |||| | fre d
040 ## - FUENTE DE CATALOGACIÓN
Centro catalogador/agencia de origen GA
Lengua de catalogación spa
Centro/agencia transcriptor CCPB | 3D
100 1# - ENTRADA PRINCIPAL--NOMBRE DE PERSONA
Nombre de persona Vaccaro, Michel-Ange.
9 (RLIN) 133480
245 14 - MENCIÓN DEL TÍTULO
Título Les bases sociologiques du droit et de l'Etat /
Mención de responsabilidad, etc. par Michel-Ange Vaccaro ; ouvrage traduit sur l'édition italienne par J. Gaure et complètement refondu.
260 ## - PUBLICACIÓN, DISTRIBUCIÓN, ETC.
Lugar de publicación, distribución, etc. Paris :
Nombre del editor, distribuidor, etc. V. Giard & E. Brière,
Fecha de publicación, distribución, etc. 1898.
300 ## - DESCRIPCIÓN FÍSICA
Extensión LXI, 480 p. ;
Dimensiones 22 cm.
490 1# - MENCIÓN DE SERIE
Mención de serie Bibliothèque sociologique internationale / publiée sous la direction de René Worms ;
Designación de volumen o secuencia 11
650 07 - PUNTO DE ACCESO ADICIONAL DE MATERIA--TÉRMINO DE MATERIA
Término de materia o nombre geográfico como elemento de entrada Estado
Fuente del encabezamiento o término embne
9 (RLIN) 12523
700 1# - ENTRADA AGREGADA--NOMBRE PERSONAL
Nombre de persona Gaure, J.
9 (RLIN) 127264
830 0# - PUNTO DE ACCESO ADICIONAL DE SERIE-TÍTULO UNIFORME
Título uniforme Bibliothèque sociologique internationale / publiée sous la direction de René Worms ;
Designación de volumen o secuencia 11
9 (RLIN) 188778
852 ## - LOCALIZACIÓN
Ubicación ES-MaACL
Número de control de estantería F-9679
Nota libre -- Enc. piel
Holdings
Estatus retirado Estado de pérdida Estado de daño No para préstamo Colección Biblioteca de origen Biblioteca actual Ubicación en estantería Fecha de adquisición Fuente de adquisición Total de préstamos Signatura topográfica completa Código de barras Visto por última vez Precio de reemplazo Tipo de ítem Koha
        Libros del s. XIX Biblioteca del Ateneo de Madrid Biblioteca del Ateneo de Madrid Sala Pecera Planta 2 17/01/2008     F-9679 1174991 23/02/2023 23/02/2023 Libro impreso antiguo